| 000 | 00513nam a2200193Ia 4500 | ||
|---|---|---|---|
| 008 | 180207s9999 xx 000 0 und d | ||
| 020 | _a9780590478818 | ||
| 050 | _bK845 1993 | ||
| 100 | _aKorman, Justineq | ||
| 245 | _aKrystal Princess : | ||
| 245 | _bthe krystal princesses shake up the day / | ||
| 245 | _cby Justine Korman ; illustrated by Jill Dubin. | ||
| 260 | _aNew York : | ||
| 260 | _bScholastic, | ||
| 260 | _c1993 | ||
| 300 | _aunpaged : | ||
| 300 | _bchiefly colored ; | ||
| 300 | _c20cm. | ||
| 999 |
_c355581 _d355581 |
||